Privatizing Malaysia : rents, rhetoric, realities

Bibliographic Details
Other Authors: Jomo, K.S (Editor)
Format: Book
Language:English
Published: Boulder : Westview Press 1995
Subjects:

MARC

LEADER 00000cam a2200000 7i4500
001 0000000514
005 20240919.0
008 991124 cou a eng
020 |a 0813388619 
040 |a INS   |b eng   |e rda 
090 0 0 |a HD4300.6   |b .P75 1995 
245 0 0 |a Privatizing Malaysia :   |b rents, rhetoric, realities   |c edited by Jomo K. S. 
264 1 |a Boulder :   |b Westview Press   |c 1995 
300 |a xvii, 281 pages :   |b illustrations ;   |c 23 cm. 
336 |a text  |2 rdacontent 
337 |a unmediated  |2 rdamedia 
338 |a volume  |2 rdacarrier 
504 |a Includes bibliographical references and index 
650 0 |a Privatization   |z Malaysia 
700 1 |a Jomo, K.S ,   |e editor 
999 |a 0000005964   |b BOOK   |c Open Shelf   |e Default branch